000 00877nam a22002177a 4500
999 _c16696
_d16696
003 AR-CdUCM
008 190504b ||||| |||| 00| 0 spa d
040 _aMUNICIPALIDAD PROVINCIAL DEL CUSCO
_cBIBLIOTECA MUNICIPAL DEL CUSCO
041 _heng
082 _23ed.
_a949.5 /
_bB27
100 _aBaynes, Norman H.
_936288
245 _aEl imperio bizantino /
260 _aBuenos Aires :
_bFondo de Cultura Económica,
_c1957.
300 _a208 páginas ;
_c18 cm.
440 _aBreviarios del Fondo de Cultura Económica ;
_n5
_936289
505 _aContenido: La ciudad de Constantino -- La vida social en el imperio de oriente -- Lista de los emperadores bizantinos -- La soberanía bizantina -- La iglesia ortodoxa ...
650 _aImperio bizantino
_918499
700 _aDíez-Caneda, María Luisa (traductora)
_936290
942 _2ddc
_cLIBROS
945 _aacv
_d2019-05-04